000
00283nam a22001217a 4500
082
_a
823
_b
CLA/R
100
_a
CLASSIC BOOKS
245
_a
RUMPELSTILTSKIN
260
_a
DELHI
_b
CLASSIC BOOKS INTERNATIONAL
_c
2003
300
_a
220
650
_a
CHILDRENS ILLUSTRATED CLASSICS
942
_c
BK
999
_c
275
_d
275